Statistics for The New York Times Best Sellers

Click here to take the quiz!

General Stats

  • This quiz has been taken 11 times
  • The average score is 7 of 30

Answer Stats

Author(s)The best best seller bookYear% Correct
Dan BrownThe Da Vinci Code2004
90%
Dan BrownThe Da Vinci Code2003
90%
Dan BrownThe Da Vinci Code2005
90%
J.K. RowlingHarry Potter and the Prisoner of Azkaban1999
50%
John GrishamThe Pelican Brief1992
50%
Delia OwensWhere the Crawdads Sing2020
40%
Delia OwensWhere the Crawdads Sing2019
40%
Paula HawkinsThe Girl on the Train2016
30%
Paula HawkinsThe Girl on the Train2015
30%
Donna Tartt / Gillian FlynnThe Goldfinch / Gone Girl2014
30%
E.L. JamesFifty Shades of Grey2012
20%
Bill Clinton & J. PattersonThe President Is Missing2018
20%
J. Grisham / Mary Higgins Clark / J. Patterson / Clive Cussler / J. GrishamA Painted House / On the Street Where You Live / Suzanne's Diary for Nicholas / Valhalla Rising / Skipping Christmas2001
10%
Dan BrownInferno2013
10%
Anonymous (Joe Klein)Primary Colors: A Novel of Politics1996
10%
John GrishamThe Brethren2000
10%
James RedfieldThe Celestine Prophecy: An Adventure1994
10%
James RedfieldThe Celestine Prophecy: An Adventure1995
10%
Kristin HannahThe Four Winds2021 (11. Jun)
10%
Dan BrownThe Lost Symbol2009
10%
John GrishamThe Street Lawyer1998
10%
Khaled HosseiniA Thousand Splendid Suns2007
0%
John GrishamCamino Island2017
0%
Charles FrazierCold Mountain1997
0%
Mitch AlbomFor One More Day2006
0%
John GrishamThe Appeal2008
0%
Robert James WallerThe Bridges of Madison County1993
0%
Stieg LarssonThe Girl Who Kicked the Hornets' Nest2010
0%
Kathryn StockettThe Help2011
0%
Alice SeboldThe Lovely Bones2002
0%

Score Distribution

Percentile by Number Answered

Percent of People with Each Score

Your Score History

You have not taken this quiz